[Event "Greek Team Championship"]
[Site "chess24.com"]
[Date "2017.07.04"]
[Round "3"]
[White "Nikolaou, Alexandros"]
[Black "Gkikas, Ioannis"]
[Result "1-0"]
[Board "9"]
[WhiteElo "1540"]
[WhiteCountry "GRE"]
[WhiteFideId "4261674"]
[WhiteEloChange "10"]
[BlackElo "1546"]
[BlackCountry "GRE"]
[BlackFideId "4264550"]
[BlackEloChange "-10"]

1. e4 {[%clk 1:30:56]} c5 {[%clk 1:30:52]} 2. Nf3 {[%clk 1:31:16]} e6 {[%clk
1:31:13]} 3. d4 {[%clk 1:30:22]} cxd4 {[%clk 1:31:34]} 4. Nxd4 {[%clk 1:30:47]}
a6 {[%clk 1:31:56]} 5. Nc3 {[%clk 1:30:19]} Qc7 {[%clk 1:32:07]} 6. Nb3 {[%clk
1:29:01]} Nf6 {[%clk 1:31:45]} 7. Bd3 {[%clk 1:28:07]} Be7 {[%clk 1:29:01]} 8.
O-O {[%clk 1:27:38]} b5 {[%clk 1:26:52]} 9. a3 {[%clk 1:22:05]} Bb7 {[%clk
1:25:08]} 10. Re1 {[%clk 1:18:31]} Nc6 {[%clk 1:22:18]} 11. f4 {[%clk 1:15:46]}
d6 {[%clk 1:19:17]} 12. Be3 {[%clk 1:12:37]} h6 {[%clk 1:09:07]} 13. Qf3 {[%clk
1:06:42]} Nd7 {[%clk 0:56:19]} 14. f5 {[%clk 0:55:25]} Bf6 {[%clk 0:29:46]} 15.
fxe6 {[%clk 0:35:46]} fxe6 {[%clk 0:30:03]} 16. Qh5+ {[%clk 0:36:11]} Ke7 {[%clk
0:27:26]} 17. Rf1 {[%clk 0:24:54]} Raf8 {[%clk 0:22:37]} 18. Bd2 {[%clk 0:21:56]}
Rhg8 {[%clk 0:19:07]} 19. Rae1 {[%clk 0:19:27]} Kd8 {[%clk 0:15:33]} 20. Qh3
{[%clk 0:17:00]} Re8 {[%clk 0:14:38]} 21. Kh1 {[%clk 0:15:45]} Nde5 {[%clk
0:12:00]} 22. Rd1 {[%clk 0:11:13]} Qe7 {[%clk 0:09:36]} 23. Be3 {[%clk 0:08:16]}
Kc7 {[%clk 0:09:06]} 24. Be2 {[%clk 0:05:53]} g5 {[%clk 0:08:09]} 25. Qg3 {[%clk
0:05:44]} Rd8 {[%clk 0:07:30]} 26. Qf2 {[%clk 0:04:13]} Rdf8 {[%clk 0:06:33]} 27.
Bb6+ {[%clk 0:03:26]} Kc8 {[%clk 0:04:50]} 28. Qe1 {[%clk 0:01:40]} Nd7 {[%clk
0:03:23]} 29. Be3 {[%clk 0:01:23]} Rf7 {[%clk 0:03:12]} 30. Qd2 {[%clk 0:01:39]}
Be5 {[%clk 0:02:19]} 31. Rxf7 {[%clk 0:01:18]} Qxf7 {[%clk 0:02:47]} 32. Rf1
{[%clk 0:01:38]} Qe7 {[%clk 0:02:54]} 33. Nd4 {[%clk 0:01:03]} g4 {[%clk
0:01:51]} 34. Nxc6 {[%clk 0:01:18]} Bxc6 {[%clk 0:02:12]} 35. Bf4 {[%clk
0:01:22]} h5 {[%clk 0:01:50]} 36. Bxe5 {[%clk 0:01:20]} Nxe5 {[%clk 0:02:11]} 37.
Qf4 {[%clk 0:01:30]} Kc7 {[%clk 0:00:49]} 38. b3 {[%clk 0:00:38]} Rg7 {[%clk
0:00:48]} 39. Qf6 {[%clk 0:00:34]} Qxf6 {[%clk 0:00:34]} 40. Rxf6 {[%clk
0:31:03]} Kd7 {[%clk 0:30:35]} 41. Rh6 {[%clk 0:27:21]} Rf7 {[%clk 0:26:34]} 42.
Rxh5 {[%clk 0:19:43]} Rf2 {[%clk 0:26:01]} 43. Kg1 {[%clk 0:18:38]} Rf4 {[%clk
0:25:53]} 44. Rh7+ {[%clk 0:16:00]} Rf7 {[%clk 0:20:03]} 45. Rxf7+ {[%clk
0:15:00]} Nxf7 {[%clk 0:20:31]} 46. Bxg4 {[%clk 0:15:24]} Ng5 {[%clk 0:20:54]}
47. Bf3 {[%clk 0:15:02]} Nxf3+ {[%clk 0:20:42]} 48. gxf3 {[%clk 0:15:29]} d5
{[%clk 0:18:42]} 49. exd5 {[%clk 0:14:31]} exd5 {[%clk 0:19:04]} 50. Ne2 {[%clk
0:14:54]} Kd6 {[%clk 0:19:19]} 51. Nd4 {[%clk 0:15:19]} Be8 {[%clk 0:19:34]} 52.
Kf2 {[%clk 0:14:03]} a5 {[%clk 0:19:39]} 53. c3 {[%clk 0:13:22]} Kc5 {[%clk
0:19:37]} 54. Ne6+ {[%clk 0:09:26]} Kd6 {[%clk 0:19:53]} 55. Nf4 {[%clk 0:08:40]}
Bf7 {[%clk 0:19:41]} 56. b4 {[%clk 0:08:39]} axb4 {[%clk 0:19:49]} 57. axb4
{[%clk 0:09:08]} Ke5 {[%clk 0:19:40]} 58. Nd3+ {[%clk 0:09:14]} Kf5 {[%clk
0:19:50]} 59. Ke3 {[%clk 0:09:02]} Bg6 {[%clk 0:19:50]} 60. Nf4 {[%clk 0:07:47]}
Bf7 {[%clk 0:20:14]} 61. Ne2 {[%clk 0:08:02]} Be8 {[%clk 0:20:07]} 62. Nd4+
{[%clk 0:08:20]} Ke5 {[%clk 0:20:23]} 63. h4 {[%clk 0:07:48]} Kf6 {[%clk
0:19:58]} 64. Kf4 {[%clk 0:08:03]} Bd7 {[%clk 0:20:09]} 65. h5 {[%clk 0:08:14]}
Be8 {[%clk 0:20:33]} 66. h6 {[%clk 0:08:34]} Kg6 {[%clk 0:20:53]} 67. Ke5 {[%clk
0:08:40]} Kxh6 {[%clk 0:21:16]} 68. Kxd5 {[%clk 0:09:06]} Kg5 {[%clk 0:21:37]}
69. Kc5 {[%clk 0:09:10]} Kf4 {[%clk 0:21:49]} 70. Nxb5 {[%clk 0:09:24]} Kxf3
{[%clk 0:22:13]} 71. Nd6 {[%clk 0:09:26]} Bh5 {[%clk 0:21:54]} 72. b5 {[%clk
0:09:44]} Ke3 {[%clk 0:22:11]} 73. b6 {[%clk 0:09:40]} 1-0

[Event "Greek Team Championship"]
[Site "chess24.com"]
[Date "2017.07.04"]
[Round "3"]
[White "Spanos, Dimitrios"]
[Black "Nikolaou, Theodoros"]
[Result "1/2-1/2"]
[Board "10"]
[WhiteElo "1353"]
[WhiteCountry "GRE"]
[WhiteFideId "25807846"]
[WhiteEloChange "-5"]
[BlackElo "1143"]
[BlackCountry "GRE"]
[BlackFideId "25801139"]
[BlackEloChange "5"]

1. d4 {[%clk 1:30:53]} Nf6 {[%clk 1:30:43]} 2. c4 {[%clk 1:31:12]} e6 {[%clk
1:31:05]} 3. Nc3 {[%clk 1:31:35]} Bb4 {[%clk 1:31:10]} 4. e3 {[%clk 1:31:43]}
Bxc3+ {[%clk 1:31:27]} 5. bxc3 {[%clk 1:32:01]} d6 {[%clk 1:31:44]} 6. Nf3 {[%clk
1:31:53]} O-O {[%clk 1:31:54]} 7. Bd3 {[%clk 1:32:09]} Nbd7 {[%clk 1:32:08]} 8.
O-O {[%clk 1:32:18]} c5 {[%clk 1:32:14]} 9. Qc2 {[%clk 1:31:59]} cxd4 {[%clk
1:30:09]} 10. cxd4 {[%clk 1:32:20]} e5 {[%clk 1:27:48]} 11. d5 {[%clk 1:31:15]}
Re8 {[%clk 1:27:26]} 12. Nd2 {[%clk 1:29:41]} Nc5 {[%clk 1:26:31]} 13. f3 {[%clk
1:28:45]} Nxd3 {[%clk 1:25:48]} 14. Qxd3 {[%clk 1:29:10]} b6 {[%clk 1:23:41]} 15.
Bb2 {[%clk 1:26:00]} Ba6 {[%clk 1:23:45]} 16. Qc2 {[%clk 1:25:38]} Nd7 {[%clk
1:22:52]} 17. Ne4 {[%clk 1:20:37]} Nc5 {[%clk 1:20:26]} 18. Nxc5 {[%clk 1:20:52]}
bxc5 {[%clk 1:19:20]} 19. e4 {[%clk 1:20:40]} Rb8 {[%clk 1:18:48]} 20. f4 {[%clk
1:20:20]} Bxc4 {[%clk 1:16:01]} 21. Rf2 {[%clk 1:19:00]} Ba6 {[%clk 1:13:38]} 22.
fxe5 {[%clk 1:19:21]} dxe5 {[%clk 1:13:52]} 23. Qxc5 {[%clk 1:19:39]} Qb6 {[%clk
1:11:25]} 24. Qxb6 {[%clk 1:19:01]} Rxb6 {[%clk 1:11:22]} 25. Rd1 {[%clk
1:15:34]} Rd6 {[%clk 1:08:28]} 26. Rc2 {[%clk 1:12:05]} f6 {[%clk 1:06:16]} 27.
Rc7 {[%clk 1:10:57]} Ra8 {[%clk 1:02:42]} 28. Ba3 {[%clk 1:09:30]} Rdd8 {[%clk
1:02:09]} 29. Re7 {[%clk 0:37:34]} Re8 {[%clk 1:00:43]} 30. d6 {[%clk 0:37:48]}
Rxe7 {[%clk 0:57:58]} 31. dxe7 {[%clk 0:38:12]} Re8 {[%clk 0:58:11]} 32. Kf2
{[%clk 0:36:31]} Bc4 {[%clk 0:55:44]} 33. Rd2 {[%clk 0:36:21]} a6 {[%clk
0:55:45]} 34. Ke3 {[%clk 0:34:29]} Kf7 {[%clk 0:55:09]} 35. Bb4 {[%clk 0:33:15]}
Bb5 {[%clk 0:55:08]} 36. Kf3 {[%clk 0:31:36]} Bc6 {[%clk 0:54:44]} 37. h4 {[%clk
0:27:30]} f5 {[%clk 0:54:14]} 38. g3 {[%clk 0:25:15]} 1/2-1/2

[Event "Greek Team Championship"]
[Site "chess24.com"]
[Date "2017.07.04"]
[Round "3"]
[White "Kalogridakis, Georgios"]
[Black "Patrikos, Ioannis"]
[Result "1/2-1/2"]
[Board "1"]
[WhiteElo "2116"]
[WhiteCountry "GRE"]
[WhiteFideId "4249666"]
[WhiteEloChange "-1"]
[BlackElo "2094"]
[BlackCountry "GRE"]
[BlackFideId "4203062"]
[BlackEloChange "1"]

1. e4 {[%clk 1:30:56]} c5 {[%clk 1:30:30]} 2. Nf3 {[%clk 1:31:22]} e6 {[%clk
1:30:37]} 3. g3 {[%clk 1:31:46]} Nc6 {[%clk 1:27:01]} 4. Bg2 {[%clk 1:32:11]} d6
{[%clk 1:23:37]} 5. d4 {[%clk 1:28:17]} cxd4 {[%clk 1:22:19]} 6. Nxd4 {[%clk
1:28:05]} Qb6 {[%clk 1:14:49]} 7. Nb3 {[%clk 1:23:51]} Nf6 {[%clk 1:14:30]} 8.
O-O {[%clk 1:22:26]} Be7 {[%clk 1:14:01]} 9. Nc3 {[%clk 1:18:38]} a6 {[%clk
1:10:23]} 10. a4 {[%clk 1:12:37]} Qc7 {[%clk 1:00:21]} 11. f4 {[%clk 1:10:13]} h5
{[%clk 0:53:55]} 12. Qe2 {[%clk 0:59:54]} Bd7 {[%clk 0:45:27]} 13. a5 {[%clk
0:57:56]} Rc8 {[%clk 0:37:56]} 14. Be3 {[%clk 0:24:14]} Nb4 {[%clk 0:34:33]} 15.
Bb6 {[%clk 0:22:10]} Qc4 {[%clk 0:27:35]} 16. Qd2 {[%clk 0:21:31]} e5 {[%clk
0:09:50]} 17. Rfe1 {[%clk 0:13:13]} O-O {[%clk 0:08:59]} 18. f5 {[%clk 0:01:04]}
Bd8 {[%clk 0:07:59]} 19. Bf2 {[%clk 0:00:39]} Ng4 {[%clk 0:06:09]} 20. Ba7 {[%clk
0:00:37]} Ra8 {[%clk 0:05:29]} 21. Bf1 {[%clk 0:00:36]} Qc6 {[%clk 0:04:46]} 22.
Bf2 {[%clk 0:00:40]} Nxf2 {[%clk 0:04:36]} 23. Kxf2 {[%clk 0:00:41]} b6 {[%clk
0:04:21]} 24. axb6 {[%clk 0:00:40]} Qxb6+ {[%clk 0:02:30]} 25. Kg2 {[%clk
0:01:09]} h4 {[%clk 0:01:30]} 26. Kh1 {[%clk 0:00:48]} hxg3 {[%clk 0:01:40]} 27.
hxg3 {[%clk 0:01:17]} Be7 {[%clk 0:01:16]} 28. Bg2 {[%clk 0:01:06]} Rfd8 {[%clk
0:01:17]} 29. Bf3 {[%clk 0:00:40]} Rac8 {[%clk 0:01:05]} 30. Kg2 {[%clk 0:00:56]}
d5 {[%clk 0:00:38]} 31. exd5 {[%clk 0:01:04]} Bxf5 {[%clk 0:00:42]} 32. Rxe5
{[%clk 0:00:47]} Qf6 {[%clk 0:00:45]} 33. Rxf5 {[%clk 0:00:34]} Qxf5 {[%clk
0:00:59]} 34. Nd4 {[%clk 0:01:00]} Qg5 {[%clk 0:00:51]} 35. Qxg5 {[%clk 0:00:34]}
Bxg5 {[%clk 0:01:20]} 36. Rd1 {[%clk 0:00:35]} Bf6 {[%clk 0:01:29]} 37. Be4
{[%clk 0:00:45]} Rc4 {[%clk 0:01:37]} 38. Nde2 {[%clk 0:00:43]} Re8 {[%clk
0:00:38]} 39. Kf3 {[%clk 0:01:05]} Na2 {[%clk 0:00:34]} 40. Bd3 {[%clk 0:30:34]}
Nxc3 {[%clk 0:30:46]} 41. Nxc3 {[%clk 0:26:36]} Rb4 {[%clk 0:19:04]} 42. Ra1
{[%clk 0:26:36]} Rxb2 {[%clk 0:19:04]} 43. Ne4 {[%clk 0:26:36]} Rb6 {[%clk
0:19:04]} 44. Rxa6 {[%clk 0:26:36]} 1/2-1/2

[Event "Greek Team Championship"]
[Site "chess24.com"]
[Date "2017.07.04"]
[Round "3"]
[White "Tzamtzis, Konstantinos"]
[Black "Seretakis, Nikolas"]
[Result "1/2-1/2"]
[Board "2"]
[WhiteElo "1860"]
[WhiteCountry "GRE"]
[WhiteFideId "4210042"]
[WhiteEloChange "6"]
[BlackElo "2095"]
[BlackCountry "GRE"]
[BlackFideId "4201493"]
[BlackEloChange "-6"]

1. e4 {[%clk 1:30:54]} c5 {[%clk 1:30:47]} 2. Nf3 {[%clk 1:31:14]} d6 {[%clk
1:31:09]} 3. d4 {[%clk 1:31:35]} cxd4 {[%clk 1:31:26]} 4. Nxd4 {[%clk 1:31:57]}
Nf6 {[%clk 1:31:50]} 5. Nc3 {[%clk 1:32:17]} g6 {[%clk 1:32:09]} 6. Be2 {[%clk
1:30:33]} Bg7 {[%clk 1:32:19]} 7. O-O {[%clk 1:30:41]} Nc6 {[%clk 1:32:36]} 8.
Nb3 {[%clk 1:27:25]} O-O {[%clk 1:32:54]} 9. Bg5 {[%clk 1:16:43]} Be6 {[%clk
1:32:06]} 10. Qd2 {[%clk 1:16:15]} Rc8 {[%clk 1:27:00]} 11. Rad1 {[%clk 1:06:51]}
a5 {[%clk 1:16:19]} 12. f3 {[%clk 0:56:57]} Ne5 {[%clk 1:07:29]} 13. Nd4 {[%clk
0:49:50]} Nc4 {[%clk 1:02:06]} 14. Bxc4 {[%clk 0:49:50]} Rxc4 {[%clk 1:00:36]}
15. Nxe6 {[%clk 0:41:49]} fxe6 {[%clk 1:00:39]} 16. e5 {[%clk 0:39:03]} Ne8
{[%clk 0:56:12]} 17. exd6 {[%clk 0:33:41]} Qb6+ {[%clk 0:55:43]} 18. Be3 {[%clk
0:27:06]} Qxd6 {[%clk 0:50:17]} 19. Qe2 {[%clk 0:24:43]} Qc6 {[%clk 0:49:50]} 20.
Bd2 {[%clk 0:16:18]} Nc7 {[%clk 0:49:12]} 21. a4 {[%clk 0:15:27]} Nd5 {[%clk
0:35:48]} 22. Nxd5 {[%clk 0:13:38]} exd5 {[%clk 0:36:13]} 23. c3 {[%clk 0:11:42]}
Rxa4 {[%clk 0:35:47]} 24. Qxe7 {[%clk 0:07:45]} Re8 {[%clk 0:35:43]} 25. Qg5
{[%clk 0:07:43]} Bf6 {[%clk 0:35:39]} 26. Qg3 {[%clk 0:07:08]} Bh4 {[%clk
0:13:38]} 27. Qh3 {[%clk 0:07:17]} Qe6 {[%clk 0:11:37]} 28. Qxe6+ {[%clk
0:07:01]} Rxe6 {[%clk 0:12:03]} 29. g3 {[%clk 0:03:49]} Bf6 {[%clk 0:11:39]} 30.
Rfe1 {[%clk 0:01:36]} Kf7 {[%clk 0:11:26]} 31. Be3 {[%clk 0:01:23]} Ra2 {[%clk
0:08:15]} 32. Rd2 {[%clk 0:01:49]} a4 {[%clk 0:06:26]} 33. Ree2 {[%clk 0:01:15]}
a3 {[%clk 0:06:15]} 34. Kf2 {[%clk 0:01:12]} axb2 {[%clk 0:03:38]} 35. Rxb2
{[%clk 0:01:36]} Rxb2 {[%clk 0:03:33]} 36. Rxb2 {[%clk 0:02:01]} Bxc3 {[%clk
0:03:33]} 37. Rxb7+ {[%clk 0:02:28]} Re7 {[%clk 0:03:56]} 38. Rxe7+ {[%clk
0:02:26]} Kxe7 {[%clk 0:04:19]} 39. Ke2 {[%clk 0:02:40]} Be5 {[%clk 0:04:09]} 40.
Kd3 {[%clk 0:32:53]} h5 {[%clk 0:34:13]} 41. Bd2 {[%clk 0:32:38]} Ke6 {[%clk
0:33:58]} 42. Bg5 {[%clk 0:32:09]} Kf5 {[%clk 0:33:19]} 43. Be3 {[%clk 0:32:22]}
Bc7 {[%clk 0:31:26]} 44. Bd2 {[%clk 0:26:53]} g5 {[%clk 0:29:41]} 45. g4+ {[%clk
0:18:57]} hxg4 {[%clk 0:28:11]} 46. fxg4+ {[%clk 0:19:22]} Kxg4 {[%clk 0:28:37]}
47. Bxg5 {[%clk 0:19:22]} 1/2-1/2

[Event "Greek Team Championship"]
[Site "chess24.com"]
[Date "2017.07.04"]
[Round "3"]
[White "Nikoleris, Stefanos"]
[Black "Koronas, Vasilios"]
[Result "1-0"]
[Board "3"]
[WhiteElo "1936"]
[WhiteCountry "GRE"]
[WhiteFideId "4206509"]
[WhiteEloChange "6"]
[BlackElo "1777"]
[BlackCountry "GRE"]
[BlackFideId "4215397"]
[BlackEloChange "-6"]

1. Nf3 {[%clk 1:30:54]} g6 {[%clk 1:30:49]} 2. d3 {[%clk 1:31:10]} Bg7 {[%clk
1:30:52]} 3. e4 {[%clk 1:31:07]} d6 {[%clk 1:31:14]} 4. Be2 {[%clk 1:30:51]} Nd7
{[%clk 1:31:19]} 5. O-O {[%clk 1:31:02]} b5 {[%clk 1:31:11]} 6. c3 {[%clk
1:23:42]} Bb7 {[%clk 1:31:02]} 7. Re1 {[%clk 1:17:05]} Ngf6 {[%clk 1:30:47]} 8.
Qc2 {[%clk 1:11:37]} O-O {[%clk 1:25:39]} 9. Bf1 {[%clk 1:05:38]} c5 {[%clk
1:23:08]} 10. Nbd2 {[%clk 1:02:24]} Rc8 {[%clk 1:15:59]} 11. a4 {[%clk 1:01:22]}
b4 {[%clk 1:14:52]} 12. Nc4 {[%clk 1:01:14]} a5 {[%clk 1:02:07]} 13. Bg5 {[%clk
0:55:43]} Re8 {[%clk 0:57:58]} 14. h3 {[%clk 0:50:36]} Ba6 {[%clk 0:45:05]} 15.
Nfd2 {[%clk 0:47:36]} d5 {[%clk 0:41:00]} 16. exd5 {[%clk 0:47:31]} bxc3 {[%clk
0:36:28]} 17. bxc3 {[%clk 0:43:46]} h6 {[%clk 0:25:51]} 18. Bh4 {[%clk 0:22:12]}
g5 {[%clk 0:19:54]} 19. Bg3 {[%clk 0:20:48]} Nxd5 {[%clk 0:20:08]} 20. Ne5 {[%clk
0:17:41]} Nxe5 {[%clk 0:17:45]} 21. Bxe5 {[%clk 0:18:05]} f6 {[%clk 0:12:27]} 22.
Bg3 {[%clk 0:17:19]} e5 {[%clk 0:12:53]} 23. Nc4 {[%clk 0:13:05]} Nb6 {[%clk
0:10:41]} 24. Nxa5 {[%clk 0:11:29]} f5 {[%clk 0:05:33]} 25. f3 {[%clk 0:10:43]}
Nd5 {[%clk 0:05:01]} 26. Nc4 {[%clk 0:06:50]} e4 {[%clk 0:03:54]} 27. dxe4 {[%clk
0:05:29]} Nxc3 {[%clk 0:03:37]} 28. e5 {[%clk 0:05:07]} f4 {[%clk 0:00:41]} 29.
Bf2 {[%clk 0:05:27]} Nd5 {[%clk 0:00:47]} 30. Rad1 {[%clk 0:04:35]} Nb4 {[%clk
0:01:01]} 31. Qb1 {[%clk 0:03:56]} Qc7 {[%clk 0:00:36]} 32. Nd6 {[%clk 0:03:52]}
Bxf1 {[%clk 0:00:34]} 33. Kxf1 {[%clk 0:03:52]} Bxe5 {[%clk 0:00:32]} 34. Qg6+
{[%clk 0:03:36]} Qg7 {[%clk 0:00:35]} 35. Qxg7+ {[%clk 0:03:47]} Kxg7 {[%clk
0:00:38]} 36. Nxc8 {[%clk 0:04:01]} 1-0

[Event "Greek Team Championship"]
[Site "chess24.com"]
[Date "2017.07.04"]
[Round "3"]
[White "Lagaras, Stylianos"]
[Black "Vazelakis, Dimitrios"]
[Result "1-0"]
[Board "4"]
[WhiteElo "1668"]
[WhiteCountry "GRE"]
[WhiteFideId "25837788"]
[WhiteEloChange "15"]
[BlackElo "1866"]
[BlackCountry "GRE"]
[BlackFideId "4203674"]
[BlackEloChange "-15"]

1. d4 {[%clk 1:30:58]} d5 {[%clk 1:30:59]} 2. c4 {[%clk 1:31:19]} c6 {[%clk
1:31:25]} 3. Nf3 {[%clk 1:31:31]} Nf6 {[%clk 1:31:54]} 4. Qc2 {[%clk 1:21:49]} e6
{[%clk 1:24:34]} 5. g3 {[%clk 1:21:54]} Be7 {[%clk 1:24:08]} 6. Bg2 {[%clk
1:22:16]} O-O {[%clk 1:24:22]} 7. O-O {[%clk 1:22:37]} b6 {[%clk 1:20:46]} 8.
Nbd2 {[%clk 1:22:02]} Ba6 {[%clk 1:18:25]} 9. b3 {[%clk 1:17:30]} Nbd7 {[%clk
1:16:24]} 10. Rd1 {[%clk 1:12:11]} Rc8 {[%clk 1:13:05]} 11. e4 {[%clk 1:12:06]}
dxe4 {[%clk 1:07:58]} 12. Nxe4 {[%clk 1:12:30]} Nxe4 {[%clk 1:07:26]} 13. Qxe4
{[%clk 1:12:55]} Nf6 {[%clk 1:06:54]} 14. Qe1 {[%clk 1:13:00]} Qc7 {[%clk
1:06:24]} 15. a4 {[%clk 1:02:19]} Rfd8 {[%clk 0:58:05]} 16. Ne5 {[%clk 0:58:05]}
Bb7 {[%clk 0:57:12]} 17. Bf4 {[%clk 0:46:09]} Bd6 {[%clk 0:44:17]} 18. a5 {[%clk
0:38:13]} c5 {[%clk 0:37:51]} 19. dxc5 {[%clk 0:37:45]} bxc5 {[%clk 0:29:25]} 20.
Bxb7 {[%clk 0:36:26]} Qxb7 {[%clk 0:28:59]} 21. Nxf7 {[%clk 0:35:45]} Kxf7 {[%clk
0:25:08]} 22. Bxd6 {[%clk 0:33:16]} Qxb3 {[%clk 0:17:45]} 23. Qe2 {[%clk
0:31:15]} Qc3 {[%clk 0:13:31]} 24. Kg2 {[%clk 0:28:09]} Rxd6 {[%clk 0:09:24]} 25.
Rxd6 {[%clk 0:28:08]} Qxa1 {[%clk 0:09:52]} 26. Qxe6+ {[%clk 0:28:12]} Kg6 {[%clk
0:08:26]} 27. Qg4+ {[%clk 0:24:19]} Kf7 {[%clk 0:06:58]} 28. Qxc8 {[%clk
0:24:40]} Qe5 {[%clk 0:06:49]} 29. Qb7+ {[%clk 0:22:47]} Kg6 {[%clk 0:07:06]} 30.
Ra6 {[%clk 0:21:49]} h5 {[%clk 0:04:08]} 31. Rxa7 {[%clk 0:14:18]} Ng4 {[%clk
0:03:38]} 32. Qxg7+ {[%clk 0:12:50]} 1-0

[Event "Greek Team Championship"]
[Site "chess24.com"]
[Date "2017.07.04"]
[Round "3"]
[White "Zgouletas, Ioannis"]
[Black "Kalogridakis, Theodoros"]
[Result "0-1"]
[Board "8"]
[WhiteElo "1514"]
[WhiteCountry "GRE"]
[WhiteFideId "4289455"]
[WhiteEloChange "-2"]
[BlackElo "2069"]
[BlackCountry "GRE"]
[BlackFideId "4249674"]
[BlackEloChange "2"]

1. e4 {[%clk 1:30:57]} c5 {[%clk 1:30:49]} 2. Nf3 {[%clk 1:30:33]} d6 {[%clk
1:31:13]} 3. d4 {[%clk 1:30:59]} cxd4 {[%clk 1:31:39]} 4. Nxd4 {[%clk 1:31:25]}
Nf6 {[%clk 1:32:04]} 5. Nc3 {[%clk 1:31:48]} a6 {[%clk 1:32:31]} 6. Be3 {[%clk
1:31:04]} Ng4 {[%clk 1:32:55]} 7. Bg5 {[%clk 1:25:19]} h6 {[%clk 1:33:18]} 8. Bh4
{[%clk 1:25:34]} g5 {[%clk 1:33:43]} 9. Bg3 {[%clk 1:25:57]} Bg7 {[%clk 1:34:10]}
10. Bc4 {[%clk 1:25:09]} Nc6 {[%clk 1:33:56]} 11. Nf5 {[%clk 1:23:55]} Bxf5
{[%clk 1:34:20]} 12. exf5 {[%clk 1:24:17]} Nge5 {[%clk 1:34:09]} 13. Bb3 {[%clk
1:23:52]} Nd4 {[%clk 1:28:09]} 14. Qh5 {[%clk 0:46:37]} Nxb3 {[%clk 1:26:29]} 15.
axb3 {[%clk 0:46:47]} Qc8 {[%clk 1:22:59]} 16. f4 {[%clk 0:40:56]} Nc6 {[%clk
1:18:23]} 17. Nd5 {[%clk 0:40:56]} Nd4 {[%clk 1:18:23]} 18. Nb6 {[%clk 0:20:47]}
Qc6 {[%clk 1:18:23]} 19. Nxa8 {[%clk 0:20:47]} Qxg2 {[%clk 1:18:23]} 20. Ra4
{[%clk 0:20:47]} Nf3+ {[%clk 1:18:23]} 21. Qxf3 {[%clk 0:20:47]} Qxf3 {[%clk
1:18:23]} 22. Rf1 {[%clk 0:20:47]} Qe3+ {[%clk 1:18:23]} 23. Kd1 {[%clk 0:20:47]}
O-O {[%clk 1:18:23]} 24. Nc7 {[%clk 0:20:47]} b5 {[%clk 1:18:23]} 25. Rb4 {[%clk
0:20:47]} Qc5 {[%clk 1:18:23]} 26. Nxa6 {[%clk 0:20:47]} Qd5+ {[%clk 1:18:23]}
27. Ke2 {[%clk 0:20:47]} Qxf5 {[%clk 1:18:23]} 28. fxg5 {[%clk 0:20:47]} Qxc2+
{[%clk 1:18:23]} 29. Ke3 {[%clk 0:20:47]} hxg5 {[%clk 1:18:23]} 30. Rf2 {[%clk
0:20:47]} Qc6 {[%clk 1:18:23]} 0-1

[Event "Greek Team Championship"]
[Site "chess24.com"]
[Date "2017.07.04"]
[Round "3"]
[White "Deligiannis, Christos Nikolaos"]
[Black "Koukouvinos, Viktor"]
[Result "1-0"]
[Board "9"]
[WhiteElo "1650"]
[WhiteCountry "GRE"]
[WhiteFideId "25820249"]
[WhiteEloChange "5"]
[BlackElo "1452"]
[BlackCountry "GRE"]
[BlackFideId "25868209"]
[BlackEloChange "-5"]

1. e4 {[%clk 1:30:30]} e5 {[%clk 1:30:30]} 2. Nf3 {[%clk 1:30:30]} Nc6 {[%clk
1:30:30]} 3. Bc4 {[%clk 1:30:30]} Nf6 {[%clk 1:30:30]} 4. Ng5 {[%clk 1:30:30]} d5
{[%clk 1:30:30]} 5. exd5 {[%clk 1:30:30]} Na5 {[%clk 1:30:30]} 6. Bb5+ {[%clk
1:30:30]} c6 {[%clk 1:30:30]} 7. dxc6 {[%clk 1:30:30]} bxc6 {[%clk 1:30:30]} 8.
Be2 {[%clk 1:30:30]} Bd6 {[%clk 1:30:30]} 9. d3 {[%clk 1:30:30]} O-O {[%clk
1:30:30]} 10. O-O {[%clk 1:30:30]} h6 {[%clk 1:30:30]} 11. Ne4 {[%clk 1:30:30]}
Nxe4 {[%clk 1:30:30]} 12. dxe4 {[%clk 1:30:30]} Qf6 {[%clk 1:30:30]} 13. Be3
{[%clk 1:30:30]} Rd8 {[%clk 1:30:30]} 14. Nd2 {[%clk 1:30:30]} c5 {[%clk
1:30:30]} 15. c3 {[%clk 1:30:30]} Bb7 {[%clk 1:30:30]} 16. Qa4 {[%clk 1:30:30]}
Nc6 {[%clk 1:30:30]} 17. Rfd1 {[%clk 1:30:30]} a6 {[%clk 1:30:30]} 18. Nc4 {[%clk
1:30:30]} Be7 {[%clk 1:30:30]} 19. Nb6 {[%clk 1:30:30]} Rab8 {[%clk 1:30:30]} 20.
Nd7 {[%clk 1:30:30]} Qe6 {[%clk 1:30:30]} 21. Nxb8 {[%clk 1:30:30]} Rxb8 {[%clk
1:30:30]} 22. Qc4 {[%clk 1:30:30]} Qg6 {[%clk 1:30:30]} 23. f3 {[%clk 1:30:30]}
Bc8 {[%clk 1:30:30]} 24. b3 {[%clk 1:30:30]} Bh3 {[%clk 1:30:30]} 25. Bf1 {[%clk
1:30:30]} Na5 {[%clk 1:30:30]} 26. Qxa6 {[%clk 1:30:30]} 1-0

[Event "Greek Team Championship"]
[Site "chess24.com"]
[Date "2017.07.04"]
[Round "3"]
[White "Nikolaidis, Konstantinos"]
[Black "Tepelenis, Nikolaos"]
[Result "1/2-1/2"]
[Board "1"]
[WhiteElo "2229"]
[WhiteTitle "FM"]
[WhiteCountry "GRE"]
[WhiteFideId "4200578"]
[WhiteEloChange "-4"]
[BlackElo "2084"]
[BlackCountry "GRE"]
[BlackFideId "4207599"]
[BlackEloChange "4"]

1. d4 {[%clk 1:26:49]} d5 {[%clk 1:30:18]} 2. c4 {[%clk 1:26:51]} e6 {[%clk
1:30:03]} 3. Nc3 {[%clk 1:26:24]} Nf6 {[%clk 1:29:26]} 4. cxd5 {[%clk 1:23:55]}
exd5 {[%clk 1:27:25]} 5. Bg5 {[%clk 1:23:41]} Bb4 {[%clk 1:20:07]} 6. Qc2 {[%clk
1:20:00]} h6 {[%clk 1:15:27]} 7. Bh4 {[%clk 1:19:40]} g5 {[%clk 1:01:43]} 8. Bg3
{[%clk 1:19:45]} Ne4 {[%clk 1:01:53]} 9. e3 {[%clk 1:14:54]} c5 {[%clk 0:43:41]}
10. Bd3 {[%clk 1:05:14]} Nxg3 {[%clk 0:40:34]} 11. hxg3 {[%clk 1:04:58]} cxd4
{[%clk 0:33:30]} 12. exd4 {[%clk 1:04:46]} Nc6 {[%clk 0:33:09]} 13. Ne2 {[%clk
1:02:43]} Qf6 {[%clk 0:29:32]} 14. Rd1 {[%clk 0:58:15]} Be6 {[%clk 0:26:17]} 15.
Qd2 {[%clk 0:45:46]} Qd8 {[%clk 0:26:39]} 16. Qc2 {[%clk 0:45:55]} Qf6 {[%clk
0:26:51]} 17. Qd2 {[%clk 0:45:51]} Qd8 {[%clk 0:27:03]} 18. Qc2 {[%clk 0:46:00]}
Qf6 {[%clk 0:27:23]} 19. Qd2 {[%clk 0:45:57]} 1/2-1/2